Happiness unlimited : (Record no. 93823)

MARC details
000 -LEADER
fixed length control field 00559nam a22001817a 4500
005 - DATE AND TIME OF LATEST TRANSACTION
control field 20230427144748.0
010 ## - LCCN (DPL NO)
LC control number ENG-113156 ENG-136755
020 ## - INTERNATIONAL STANDARD BOOK NUMBER
Terms of availability 399.00
International Standard Book Number 9788170949145
035 ## - SYSTEM CONTROL NUMBER
System control number EN-96688 EN-120287
037 ## - SOURCE OF ACQUISITION
Source of stock number/acquisition DBAD/PUB
082 ## - DEWEY DECIMAL CLASSIFICATION NUMBER
Classification number 158.1
100 ## - MAIN ENTRY--PERSONAL NAME
Personal name Arora,Manoj
245 ## - TITLE STATEMENT
Title Happiness unlimited :
Statement of responsibility, etc by Manoj Arora
Remainder of title how to be happy always /
260 ## - PUBLICATION, DISTRIBUTION, ETC. (IMPRINT)
Name of publisher, distributor, etc Vision Books
Date of publication, distribution, etc 2014
Place of publication, distribution, etc New Delhi
270 ## - ADDRESS
City New Delhi
Postal code 110024
Address 24 Feroze Gandhi Road, Lajpat Nagar 3
300 ## - PHYSICAL DESCRIPTION
Extent 280p.
Dimensions 22cm(pbk)
942 ## - ADDED ENTRY ELEMENTS (KOHA)
Source of classification or shelving scheme Dewey Decimal Classification
Item type English Books
Call number suffix ARO
Classification part 158.1
Holdings
Withdrawn status Lost status Not for loan Collection code Home library Current library Date acquired Source of acquisition Cost, normal purchase price Full call number Barcode Copy number Cost, replacement price Koha item type
    Not For Loan Non-fiction D.B.Act.Division D.B.Act.Division 21/05/2015 DBAD/PUB 399.00 158.1 ARO EN-96688 1 399.00 English Books
      Non-fiction Patel Nagar Patel Nagar 27/04/2023 DBAD/PUB 399.00 158.1 ARO EN-120287 1 399.00 English Books

© Delhi Public Library
Hit Counter
free hit counter